Il Dio che non ha fallito: come la religlione ha construito e sostenuto l'Occidente
Kaydedildi:
| Yazar: | |
|---|---|
| Materyal Türü: | Kitap |
| Dil: | İtalyanca |
| Baskı/Yayın Bilgisi: |
Soveria Mannelli
Rubbettino
2008
|
| Edisyon: | 1a. ed |
| Seri Bilgileri: | Novae Terrae, 8
|
| Konular: | |
| Etiketler: |
Etiketle
Etiket eklenmemiş, İlk siz ekleyin!
|
MARC
| LEADER | 00000cam a2200000 a 4500 | ||
|---|---|---|---|
| 001 | UCC3806 | ||
| 003 | CL-VaPUC | ||
| 008 | 180615e20080000it |||||||||||||||||ita|d | ||
| 020 | |a 9788849820768 | ||
| 082 | 0 | 4 | |a 261 |b ROY |2 21 |
| 100 | 0 | |a Royal, Robert |e author |9 597919 | |
| 245 | 1 | 3 | |a Il Dio che non ha fallito: come la religlione ha construito e sostenuto l'Occidente |
| 250 | |a 1a. ed | ||
| 300 | |a 385 p | ||
| 942 | |c BK | ||
| 945 | |d 20180615 12:36:00 |a arojas | ||
| 260 | |a Soveria Mannelli |b Rubbettino |c 2008 | ||
| 600 | 0 | |a Dios |9 314467 | |
| 650 | 0 | |a Religión |9 255164 | |
| 650 | 0 | |a Cristianismo |9 257361 | |
| 583 | |a last modification |c 20180615 12:36:00 |k Rodrigo Vera | ||
| 490 | 0 | |a Novae Terrae, 8 | |
| 999 | |c 371479 |d 371477 | ||
| 952 | |0 0 |1 0 |3 erd |4 0 |6 261_000000000000000_ROY_2008 |7 0 |8 DER_HDC |9 488485 |a BIBDER |b BIBDER |i 5475279 |o 261 ROY 2008 |p 5475279 |r 2023-01-25 |w 2019-11-24 |x Ubicación 4to Piso |y BK |z Estos recursos deben solicitarse con anticipación |k DER | ||